[Event "C.to Mondiale U20"]
[Site "Chennai IND"]
[Date "2011.08.09"]
[Round "7"]
[White "Valsecchi, Alessio"]
[Black "Navalgund, Niranjan"]
[Result "1-0"]
[WhiteElo "2354"]
[BlackElo "2188"]
[PlyCount "151"]
[EventDate "2011.08.02"]

1. e4 e5 2. Nf3 Nc6 3. Bc4 Nf6 4. d3 Be7 5. O-O O-O 6. a4 a6 7. c3 Kh8 8. Re1
d6 9. h3 Ng8 10. d4 exd4 11. cxd4 f5 12. e5 d5 13. Bf1 Be6 14. Nc3 g5 15. h4
gxh4 16. Ne2 Qd7 17. Nf4 Nd8 18. Bd2 Nf7 19. Rc1 Rfc8 20. Bd3 Ngh6 21. Qe2 c6
22. Nh5 Re8 23. Bf4 Ng4 24. Nd2 c5 25. f3 c4 26. Bxf5 Bxf5 27. e6 Bc5 28. dxc5
Rxe6 29. Qd1 Nge5 30. b3 Nd3 31. Rxe6 Qxe6 32. Nxc4 dxc4 33. Rxc4 Nxf4 34. Rxf4
Bg6 35. Rxf7 Qxf7 36. Qd4+ Kg8 37. Nf6+ Kf8 38. Nd7+ Kg8 39. Nf6+ Kg7 40. Nd7+
Kh6 41. Ne5 Qf5 42. Ng4+ Kh5 43. Qg7 Qxc5+ 44. Kh2 Qd6+ 45. Kh1 Qd1+ 46. Kh2
Qd6+ 47. Kh1 Kg5 48. Nf2 Kf5 49. Ne4 Qe6 50. Qc7 Qc6 51. Qe7 h6 52. Nd6+ Kf4
53. Qf6+ Kg3 54. Qxg6+ Kf2 55. Qxh6 Qc2 56. Kh2 Kf1 57. Qg7 Rd8 58. Qa1+ Ke2
59. Nc4 Rd5 60. Qf6 Qd3 61. Qe6+ Kf2 62. Ne5 Rxe5 63. Qxe5 Qxb3 64. Qd4+ Kf1
65. Qxh4 Qc2 66. Qg4 b5 67. axb5 axb5 68. f4 b4 69. Qf3+ Ke1 70. f5 b3 71. f6
b2 72. f7 Qh7+ 73. Kg1 b1=Q 74. Qf2+ Kd1 75. f8=Q Qhd3 76. Qe8 1-0

[Event "C.to Mondiale U20"]
[Site "Chennai IND"]
[Date "2011.08.10"]
[Round "8"]
[White "Lalith, Babu M.R."]
[Black "Valsecchi, Alessio"]
[Result "1-0"]
[WhiteElo "2495"]
[BlackElo "2354"]
[PlyCount "115"]
[EventDate "2011.08.02"]

1. Nf3 d5 2. d4 Nf6 3. c4 e6 4. Nc3 c6 5. g3 Be7 6. Bg2 O-O 7. O-O b6 8. Ne5
Ba6 9. Re1 Bxc4 10. Nxc4 dxc4 11. e4 Nbd7 12. a4 e5 13. Be3 Bb4 14. Qe2 c5 15.
dxe5 Bxc3 16. bxc3 Nxe5 17. Reb1 Nd3 18. Bg5 Qd7 19. Bf3 Rfe8 20. Bxf6 gxf6 21.
Bg4 Qd6 22. Bf5 Qe5 23. Qh5 Kf8 24. Rc1 Rad8 25. Rc2 Qc7 26. f4 Qc6 27. Qh4 Ke7
28. e5 Rg8 29. Re2 Rg6 30. Bxg6 hxg6 31. exf6+ Kd6 32. Qg5 Qxa4 33. Qe5+ Kc6
34. Qe4+ Kc7 35. Rf1 a5 36. f5 g5 37. Qf3 Qc6 38. Re7+ Rd7 39. Qxc6+ Kxc6 40.
Rxd7 Kxd7 41. h4 gxh4 42. gxh4 Ne5 43. Rd1+ Kc7 44. h5 Ng4 45. Re1 b5 46. Re7+
Kd6 47. Rxf7 b4 48. cxb4 axb4 49. Rf8 c3 50. Rd8+ Kc7 51. f7 c2 52. f8=Q c1=Q+
53. Kg2 Qf4 54. Qe7+ Kb6 55. Rd6+ Kb5 56. Qe2+ Qc4 57. Qe8+ Ka5 58. Qa8+ 1-0

[Event "C.to Mondiale U20"]
[Site "Chennai IND"]
[Date "2011.08.13"]
[Round "11"]
[White "Valsecchi, Alessio"]
[Black "Patil, Pratik"]
[Result "1/2-1/2"]
[WhiteElo "2354"]
[BlackElo "2141"]
[PlyCount "129"]
[EventDate "2011.08.02"]

1. e4 c5 2. Nf3 e6 3. b3 d5 4. exd5 exd5 5. Bb2 Nf6 6. d4 Nc6 7. Bb5 Qa5+ 8.
Nc3 cxd4 9. Qxd4 Bb4 10. Bxc6+ bxc6 11. a3 Be7 12. O-O O-O 13. Rfe1 Re8 14. b4
Qc7 15. Na4 Bf5 16. Nc5 Bd6 17. h3 Bxc2 18. Rac1 Be4 19. Qc3 Bf4 20. Rcd1 Bxf3
21. Qxf3 Rxe1+ 22. Rxe1 Re8 23. Rxe8+ Nxe8 24. Bd4 Bd6 25. Qe3 Qe7 26. Qxe7
Bxe7 27. Nb3 Nc7 28. Na5 c5 29. Be5 Ne8 30. Nc6 Kf8 31. b5 f6 32. Bf4 c4 33. a4
Bc5 34. a5 g5 35. Be3 Bxe3 36. fxe3 Nd6 37. b6 axb6 38. axb6 Ke8 39. Nb4 Kd7
40. Kf1 c3 41. Ke2 c2 42. Nxc2 Kc6 43. Kd3 Kxb6 44. Kd4 Kc6 45. Nb4+ Kd7 46.
Kxd5 Nf5 47. Nc2 Ne7+ 48. Ke4 Ke6 49. Nd4+ Kf7 50. Nf5 Nc6 51. Kd5 Ne5 52. Nd6+
Ke7 53. Ne4 Nd3 54. Nd2 Ne5 55. Nb3 Ng6 56. Ke4 Kf7 57. Nc5 h5 58. Nd3 Ke6 59.
g4 hxg4 60. hxg4 Ne5 61. Nxe5 fxe5 62. Kd3 Kd5 63. e4+ Kc5 64. Kc3 Kb5 65. Kb3
1/2-1/2

[Event "C.to Mondiale U20"]
[Site "Chennai IND"]
[Date "2011.08.14"]
[Round "12"]
[White "Rombaldoni, Axel"]
[Black "Krejci, Jan"]
[Result "0-1"]
[WhiteElo "2459"]
[BlackElo "2503"]
[PlyCount "94"]
[EventDate "2011.08.02"]

1. e4 c5 2. Nf3 e6 3. g3 Nc6 4. Bg2 Nf6 5. Qe2 d6 6. O-O g6 7. c3 e5 8. h3 Bg7
9. d4 cxd4 10. cxd4 exd4 11. Rd1 Nd7 12. Na3 Nde5 13. Nxd4 Nxd4 14. Rxd4 Nf3+
15. Bxf3 Bxd4 16. Bh6 Be6 17. Rd1 Be5 18. Nc4 Bxc4 19. Qxc4 Qc8 20. Qf1 Qc6 21.
Bg2 Qb6 22. Kh2 O-O-O 23. Be3 Qa6 24. Qxa6 bxa6 25. b4 Kb8 26. f4 Bg7 27. Rd5
Rd7 28. h4 Bc3 29. a3 Bb2 30. e5 Kc7 31. Ra5 dxe5 32. fxe5 Bd4 33. Bf4 Kb6 34.
Bf1 Rc8 35. Rxa6+ Kb7 36. b5 Rc2+ 37. Bg2+ Kc8 38. a4 Re7 39. a5 Re6 40. b6
axb6 41. Ra8+ Kd7 42. a6 b5 43. Kh1 Rc8 44. Rxc8 Kxc8 45. Bd5 Kc7 46. Kg2 Kb6
47. Kf3 Kxa6 0-1